000 00285nam a22001337a 4500
999 _c10163
_d10163
020 _a0-17-490018-X
082 _a150
100 _aNicky Hayes
245 _aFoundations of Psychology
260 _aUSA
_bMcGraw Hill
_c1996
300 _a1116
650 _aPsychology
942 _cBK